|
|
แสดงรายละเอียดบรรณานุกรม |
|
|
Brief Record
: Get Marc (ISO 2709)
: E-mail record
: |
| LEADER 01174nam 2200277 a 4500 | |||
| 001 207620 | |||
| 003 ULIBM | |||
| 008 030417s1992 caua sb 001 0 eng | |||
| 060 ^aWB290 P131c 1992 | |||
| 100 ^aPagano,Michael P. | |||
| 245 ^aCommunicating effectively in medical records:a guide for physicians | |||
| 650 ^aCommunication in medicine | |||
| 999 ^aKey new Using ULIBM easy add form | |||
| คุณยังไม่ได้ล็อกอิน คุณสามารถมีกิจกรรมร่วมกับเว็บไซต์ได้ แต่ต้องล็อกอินก่อน :: |
|
| สถานะ | |||||||||
| 1. | หนังสือทั่วไป สถานะ=อยู่บนชั้นแสดงหนังสือ | 1992 | On Shelf ขอยืม | ||||||
| [แสดง 1/1 รายการ] | |||||||||
| รายการใกล้เคียง หัวเรื่อง [Communication in medicine] |
BibComment |
| คอมเมนท์ทรัพยากรรายการนี้ |
|
|